[Event "Aragon-chT Preferente-A"]
[Site "Spain"]
[Date "2011.02.05"]
[Round "1.4"]
[White "Fleta Marin, Sergio"]
[Black "Cebollada Pacheco, Jesus Raul"]
[Result "0-1"]
[WhiteElo "1713"]
[BlackElo "1999"]
[PlyCount "156"]
[EventDate "2011.02.05"]
[EventType "team-tourn"]
[EventRounds "9"]
[EventCountry "ESP"]
[SourceTitle "EXT 2013"]
[Source "ChessBase"]
[SourceDate "2012.11.22"]
[SourceVersion "1"]
[SourceVersionDate "2012.11.22"]
[SourceQuality "1"]
[WhiteTeam "Delicias II"]
[BlackTeam "St Casablanca III"]
[WhiteTeamCountry "ESP"]
[BlackTeamCountry "ESP"]

1. e4 e5 2. Nf3 Nc6 3. d4 exd4 4. Nxd4 Bc5 5. Nxc6 Qf6 6. Qd2 bxc6 7. Bd3 Ne7 8. 0-0 0-0 9. Qg5 Qxg5 10. Bxg5 Ng6 11. Nd2 f6 12. Be3 Bxe3 13. fxe3 Rb8 14. b3 d6 15. Bc4+ Kh8 16. Nf3 Re8 17. Bd3 c5 18. Nd2 Bb7 19. a3 Ne5 20. Be2 a5 21. Bf3 Bc6 22. Rfe1 Kg8 23. Kf2 Rb6 24. Be2 g6 25. Nc4 Nxc4 26. Bxc4+ Kg7 27. Bd5 Re5 28. Bxc6 Rxc6 29. Kf3 Rb6 30. Red1 Rb8 31. b4 cxb4 32. axb4 Rxb4 33. Rd4 Rb2 34. Rc4 Rb7 35. Ke2 Kf7 36. Ra3 Ke7 37. Kd3 Kd7 38. Rac3 Reb5 39. Ra4 Ra7 40. Rca3 Kc6 41. Ra1 Ra8 42. Rf1 Rf8 43. Rfa1 Kb6 44. c4 Re5 45. Rb1+ Kc6 46. Rba1 Rfe8 47. Rxa5 Rxe4 48. Ra6+ Kd7 49. Re1 f5 50. Re2 f4 51. Rf2 Rxe3+ 52. Kd2 g5 53. Ra5 R8e5 54. Ra8 Rb3 55. Kc2 Rbe3 56. Kd2 R5e4 57. Rh8 Rd4+ 58. Kc2 Rxc4+ 59. Kd2 Re7 60. Kd3 Ra4 61. Rb2 Re3+ 62. Kd2 Rd4+ 63. Kc1 Re1+ 64. Kc2 Re2+ 65. Kc3 Rxb2 66. Kxd4 Rxg2 67. Rxh7+ Ke6 68. Ke4 d5+ 69. Kf3 Rc2 70. Rh6+ Kf5 71. Rh5 Rc3+ 72. Ke2 Kg4 73. Rh7 f3+ 74. Kf2 Rc2+ 75. Ke3 Re2+ 76. Kd3 Re4 77. Rxc7 f2 78. Rf7 Rf4 0-1

[Event "Aragon-chT Preferente"]
[Site "Spain"]
[Date "2010.02.13"]
[Round "4.53"]
[White "Cebollada Pacheco, Jesus Raul"]
[Black "Sierra Aguerri, Joaquin"]
[Result "1/2-1/2"]
[WhiteElo "1989"]
[BlackElo "2014"]
[PlyCount "121"]
[EventDate "2010.01.23"]
[EventType "team-swiss"]
[EventRounds "12"]
[EventCountry "ESP"]
[SourceTitle "EXT 2013"]
[Source "ChessBase"]
[SourceDate "2012.11.22"]
[SourceVersion "1"]
[SourceVersionDate "2012.11.22"]
[SourceQuality "1"]
[WhiteTeam "St Casablanca IV"]
[BlackTeam "Tauste"]
[WhiteTeamCountry "ESP"]
[BlackTeamCountry "ESP"]

1. e4 d5 2. exd5 Qxd5 3. Nc3 Qa5 4. d4 c6 5. Bc4 Nf6 6. Nf3 Bf5 7. Bd2 e6 8. Qe2 Bb4 9. 0-0-0 Nbd7 10. a3 Bxc3 11. Bxc3 Qc7 12. Ne5 Ne4 13. Be1 Nxe5 14. dxe5 Qxe5 15. f3 Qf4+ 16. Kb1 Nf6 17. g3 Qc7 18. g4 Bg6 19. Bg3 Qb6 20. h4 h5 21. g5 Nd5 22. Bxd5 cxd5 23. Rxd5 Rc8 24. Rc1 Rxc2 25. Rxc2 Bxc2+ 26. Ka1 Qg1+ 27. Be1 0-0 28. Rd7 Rc8 29. Ka2 b5 30. Qd2 Qf1 31. Rd8+ Rxd8 32. Qxd8+ Kh7 33. Qd2 Bb3+ 34. Kb1 Qxf3 35. Qc1 Kg6 36. Bc3 e5 37. Qe1 e4 38. Bd2 Qd1+ 39. Qxd1 Bxd1 40. Kc1 Bb3 41. Bc3 f5 42. gxf6 gxf6 43. Kd2 Kf5 44. Ke3 Bc4 45. Bd4 Bd3 46. Bc3 a5 47. Bd4 b4 48. axb4 axb4 49. Kf2 Bb1 50. Ke3 Bc2 51. Kf2 Ke6 52. Ke3 f5 53. Bc5 Ke5 54. Bd4+ Kd5 55. Bg7 Kc4 56. Be5 Bb1 57. Bf6 f4+ 58. Kxf4 Kd3 59. Be7 Kc4 60. Ke3 Bd3 61. Bf6 1/2-1/2